| 000 | 00545nam a22001577a 4500 | ||
|---|---|---|---|
| 999 |
_c529678 _d529678 |
||
| 020 | _qHard Cover. | ||
| 082 | _a621.3 | ||
| 100 | _aJavaid, Muhammad Asim | ||
| 245 |
_aEfficiency Maximization of Photovoltaic (PV) Energy System under Partial Shading / _cMuhammad Asim Javaid. |
||
| 260 |
_aIslamabad: _bSEECS - NUST, _c2015. |
||
| 300 |
_a44 p.: ill.; _c30cm. |
||
| 942 |
_2ddc _cTHE |
||
| 650 |
_aElectrical Engineering MS-Thesis _916073 |
||
| 700 |
_aDR. Syed Muhammad Raza Kazmi _922153 |
||